| 000 | 00332nam a2200133Ia 4500 | ||
|---|---|---|---|
| 005 | 20251222144625.0 | ||
| 008 | 251222s9999||||xx |||||||||||||| ||spa|| | ||
| 020 | _a88-343-0898-0 | ||
| 082 | _a858.6/A62 | ||
| 100 | _aAnnoni, Carlo | ||
| 245 | 0 | _aLa PoesÃa de Parini e la Citta Secolare | |
| 264 | _bVita e Pensiero | ||
| 942 | _cLIB | ||
| 999 |
_c16101 _d16101 |
||